| Tag |
First Indicator |
Second Indicator |
Subfields |
| LEADER |
00000cam a2200000 4500 |
| 001 |
in00001908578 |
| 006 |
m | d | |
| 007 |
cr |n||||||||n |
| 008 |
851121s1720 stk|||| s 00||||eng d |
| 005 |
20260413203629.6 |
| 035 |
|
|
|a (CStRLIN)ESTCN21330
|
| 040 |
|
|
|a Cu-RivES
|c Cu-RivES
|d CStRLIN
|d Thomson Gale
|d UtOrBLW
|
| 100 |
1 |
|
|a Willison, John,
|d 1680-1750.
|
| 245 |
1 |
2 |
|a A sacramental catechism :
|b or, a familiar instructor for young communicants. ... By Mr. John Willison ...
|
| 264 |
|
3 |
|a Edinburgh :
|b printed by Mr. James M'Euen and Company, and sold at his shop,
|c 1720.
|
| 300 |
|
|
|a xxiv, 16 unnumbered pages, 358p. ;
|c 12⁰.
|
| 336 |
|
|
|a text
|b txt
|2 rdacontent
|
| 337 |
|
|
|a computer
|b c
|2 rdamedia
|
| 338 |
|
|
|a online resource
|b cr
|2 rdacarrier
|
| 500 |
|
|
|a Reproduction of original from the Harvard University Houghton Library.
|
| 510 |
4 |
|
|a English Short Title Catalog,
|c ESTCN21330.
|
| 533 |
|
|
|a Electronic reproduction.
|b Farmington Hills, Mich. :
|c Thomson Gale,
|d 2003.
|n Available via the World Wide Web.
|n Access limited by licensing agreements
|7 s2003 miunns
|
| 500 |
|
|
|a Electronic resource.
|
| 830 |
|
0 |
|a Eighteenth century collections online.
|
| 856 |
4 |
0 |
|u http://proxy.library.tamu.edu/login?url=https://galenet.galegroup.com/servlet/ECCO?c=1&stp=Author&ste=11&af=BN&ae=N021330&tiPG=1&dd=0&dc=flc&docNum=CW121159765&vrsn=1.0&srchtp=a&d4=0.33&n=10&SU=0LRF&locID=txshracd2898
|z Full text online
|t 0
|
| 999 |
|
|
|a MARS
|
| 999 |
f |
f |
|s 937ba2fa-22c8-30b6-98c2-8365cc51d12a
|i 7375851c-03e1-3d40-8038-decbfff42a92
|t 0
|
| 952 |
f |
f |
|a Texas A&M University
|b College Station
|c Electronic Resources
|s www_evans
|d Available Online
|t 0
|h No information provided
|
| 998 |
f |
f |
|t 0
|l Available Online
|